Sports Quiz

Random Sports or Football Quiz

2010 Brownlow by votes polled Quiz Stats

 Plays Quiz not verified by Sporcle

Score 0/36 Timer 10:00
0 Plays Today
Votes Polled Player % Correct
30Chris Judd
99.2%
24Dane Swan
91.4%
26Gary Ablett
89.8%
9Matthew Pavlich
89.8%
21Scott Pendlebury
87.5%
12Jonathan Brown
84.4%
21Joel Selwood
83.6%
13Brent Harvey
82.8%
16Luke Hodge
82%
13Adam Goodes
80.5%
15Sam Mitchell
79.7%
20Aaron Sandilands
78.1%
20Matthew Boyd
77.3%
19Lenny Hayes
75.8%
10 - ineligibleLance Franklin
72.7%
16Leigh Montagna
71.9%
16Jobe Watson
71.1%
11Andrew Swallow
67.2%
Votes Polled Player % Correct
15Scott Thompson
65.6%
9David Mundy
64.1%
12Michael Barlow
62.5%
11Barry Hall
62.5%
13Matt Priddis
60.2%
14Brendon Goddard
58.6%
16Travis Boak
55.5%
11Alan Didak
46.9%
9Daniel Wells
46.9%
10 - ineligibleKieren Jack
43.8%
10 - ineligibleJude Bolton
43%
9Kade Simpson
42.2%
10Aaron Davey
36.7%
13 - ineligibleJames Podsiadly
28.9%
10Richard Douglas
28.1%
10Michael Rischitelli
25%
10Colin Sylvia
23.4%
9Daniel Hannebery
17.2%

You're not logged in!

Compare scores with friends on all Sporcle quizzes.
OR
Log In

Show Comments

Extras

Top Quizzes Today


Score Distribution

Your Account Isn't Verified!

In order to create a playlist on Sporcle, you need to verify the email address you used during registration. Go to your Sporcle Settings to finish the process.

Report this User

Report this user for behavior that violates our Community Guidelines.

Details: